50 Most Streamed KPOP Girl Group Songs - Statistics

General Stats
  • This quiz has been taken 206 times
    66 since last reset
  • The average score is 34 of 50
Answer Stats
Group Song Streams % Correct
HUNTR/X Golden 1 198 M
98%
Blackpink DDU-DU DDU-DU 832 M
94%
Fifty Fifty Cupid 957 M
92%
Blackpink BOOMBAYAH 664 M
89%
Blackpink How You Like That 1 210 M
89%
Blackpink Kill This Love 996 M
89%
ILLIT Magnetic 723 M
89%
NewJeans Super Shy 801 M
85%
Le Sserafim ANTIFRAGILE 654 M
83%
I-dle Queencard 405 M
83%
NewJeans Ditto 856 M
81%
Katseye GNARLY 381 M
81%
Blackpink Pink Venom 955 M
81%
Katseye Touch 508 M
81%
Twice What Is Love ? 598 M
81%
IVE I AM 387 M
79%
Blackpink Shut Down 843 M
79%
IVE After Like 452 M
77%
Babymonster Sheesh 364 M
77%
Katseye Gabriela 514 M
75%
NewJeans Hype Boy 725 M
75%
NewJeans OMG 891 M
75%
Red Velvet Psycho 534 M
75%
Aespa Supernova 377 M
75%
Le Sserafim CRAZY 401 M
74%
Blackpink Whistle 472 M
74%
Aespa Drama 428 M
72%
IVE Love Dive 480 M
72%
Blackpink As If It's Your Last 747 M
68%
IVE Eleven 365 M
66%
Itzy Wannabe 427 M
66%
NewJeans ETA 422 M
64%
Twice FANCY 592 M
64%
Twice The Feels 540 M
64%
NewJeans Attention 524 M
62%
Blackpink JUMP 442 M
60%
I-dle Tomboy 362 M
60%
NewJeans New Jeans 476 M
58%
Le Sserafim Smart 385 M
58%
Blackpink Lovesick Girls 693 M
57%
Blackpink Playing With Fire 526 M
53%
Twice Feel Special 443 M
51%
HUNTR/X Takedown 400 M
49%
Le Sserafim Perfect Night 489 M
47%
Twice I Can't Stop Me 469 M
45%
Blackpink Pretty Savage 554 M
43%
Blackpink Forever Young 417 M
40%
HUNTR/X How It's Done 504 M
40%
Blackpink Typa Girl 457 M
26%
HUNTR/X Whats It Sounds Like 457 M
2%
No matching quizzes found
Score Distribution
Percent of People with Each Score
Percentile by Number Answered
Your Score History
You have not taken this quiz since the last reset